Click the US State on the Map - One Minute Sprint - Statistics

General Stats
  • This quiz has been taken 100 times
  • The average score is 31 of 50
Answers on the Map
Answers color-coded by a green-red scale on the quiz's map according to % correct below.
 
Answer Stats
Answer % Correct
Florida
76%
Alaska
72%
Michigan
72%
South Carolina
72%
Louisiana
70%
Oklahoma
70%
South Dakota
70%
Wisconsin
70%
Hawaii
68%
Indiana
68%
New Hampshire
68%
New Mexico
68%
North Dakota
68%
Wyoming
68%
Connecticut
66%
Ohio
66%
Vermont
66%
Kansas
64%
Maine
64%
New Jersey
64%
West Virginia
64%
Colorado
62%
Illinois
62%
Massachusetts
62%
Pennsylvania
62%
Utah
62%
Alabama
60%
Arkansas
60%
California
60%
Georgia
60%
Idaho
60%
Maryland
60%
Mississippi
60%
New York
60%
Tennessee
60%
Texas
60%
Virginia
60%
Arizona
58%
Kentucky
58%
Oregon
58%
Montana
56%
Nevada
56%
Washington
56%
Missouri
54%
Delaware
50%
Minnesota
50%
North Carolina
50%
Iowa
48%
Rhode Island
46%
Nebraska
42%
No matching quizzes found
Score Distribution
Percent of People with Each Score
Percentile by Number Answered
Your Score History
You have not taken this quiz